000
00270nam a2200121Ia 4500
008
191201s2011 xx 000 0 und d
100
_a
SASIKUMAR, V
245
0
_a
Spoken English
250
_a
Rep
260
_c
2011
_b
TMH
_a
NEW DELHI
300
_a
281
942
_2
ddc
_c
BK
_0
5
999
_c
8058
_d
8058